| 000 | 00000nam##2200000za#4500 |
| 001 | 9.690638 |
| 003 | CaOODSP |
| 005 | 20210624232420 |
| 007 | cr ||||||||||| |
| 008 | 150407|2008||||xxc|||||o f|0| 0 eng|d |
| 020 | |a978-0-662-47798-3 |
| 040 | |aCaOODSP|beng |
| 043 | |an-cn--- |
| 086 | 1 |aH21-298/2008E-PDF |
| 110 | 1 |aCanada. |bHealth Canada. |
| 245 | 10|aReport on the Canada-PAHO Veterinary Public Health Workshop : |h[electronic resource]|bMay 31st and June 1st, 2007, Ottawa, Canada |
| 260 | |aOttawa - Ontario : |bHealth Canada |cc2008. |
| 300 | |a33p. |
| 500 | |aThe catalogue number (H21-298/2008E) and ISBN (978-0-662-47797-6) for the print edition have been incorrectly copied in this electronic publication. |
| 590 | |a12-27-Supp|b2012-06-12 |
| 775 | 08|tRapport concernant l'atelier du Canada et de l'OPS sur la santé publique vétérinaire : |w(CaOODSP)9.634989 |
| 856 | 40|ahttp://publications.gc.ca|qPDF|s863 KB|uhttps://publications.gc.ca/collections/collection_2012/sc-hc/H21-298-2008-eng.pdf |
| 986 | |aHC Pub.: 5824 |